| 000 | 00707nam a2200265 a 4500 | ||
|---|---|---|---|
| 999 |
_c5233 _d5233 |
||
| 001 | 5233 | ||
| 003 | BD-JhCC | ||
| 005 | 20171211114033.0 | ||
| 008 | 171211s19952005e |a||| || | 000 0 eng d | ||
| 020 | _a0521686830 | ||
| 020 | _a9780521686839 | ||
| 035 | _a(BD-JhCC)5233 | ||
| 040 |
_aBD-JhCC _dBD-JhCC |
||
| 041 | _aeng | ||
| 082 |
_a423.1 _bCAM 2005 |
||
| 245 |
_aCambridge Advanced Learner's Dictionary / _cCambridge University Press |
||
| 250 | _a2nd ed. | ||
| 260 |
_aLondon : _bCambridge University Press _c2005 |
||
| 300 |
_a1572 p. : _c23 cm. |
||
| 650 | _aEnglish Dictionary | ||
| 650 | _aEnglish Language | ||
| 710 | _aCambridge University Press | ||
| 942 |
_2ddc _cREF |
||